000 00239nam a22000857a 4500
008 240511b ||||| |||| 00| 0 eng d
100 _aRoger Koerber
245 _aWorld Wide Zeppelin and Air Postal History
650 _aZeppelin|Air Postal History
999 _c3592
_d3592